000
00312 a2200109 4500
001
ART_40028
005
20260410161841.0
008
260409a
245
1
0
_a
Ley Nº 25.344 de emergencias económicas
100
1
_a
Torres, Ismael F.
773
0
_t
RAP
_g
- Año 23, Nº 275 (ago. 2001)
_w
REV5941
999
_c
24147
_d
24147